Abecedario de principes para el uso del Serenissimo Señor D. Luis de Borbon, Principe de Asturias / (Record no. 155075)
[ view plain ]
| 000 -LEADER | |
|---|---|
| campo de control de longitud fija | 01214nam a2200253 i 4500 |
| 001 - NÚMERO DE CONTROL | |
| campo de control | 155075 |
| 003 - IDENTIFICADOR DE NÚMERO DE CONTROL | |
| campo de control | ES-MaACL |
| 005 - FECHA Y HORA DE LA ÚLTIMA TRANSACCIÓN | |
| campo de control | 20250828023459.0 |
| 008 - DATOS DE LONGITUD FIJA--INFORMACIÓN GENERAL | |
| campo de control de longitud fija | 931025s1713 it |||| | spa d |
| 100 1# - ENTRADA PRINCIPAL--NOMBRE DE PERSONA | |
| Nombre de persona | Haller y Quiñones, Juan de |
| Títulos y otros términos asociados al nombre | CC. RR. |
| 9 (RLIN) | 61595 |
| 245 10 - MENCIÓN DEL TÍTULO | |
| Título | Abecedario de principes para el uso del Serenissimo Señor D. Luis de Borbon, Principe de Asturias / |
| Mención de responsabilidad, etc. | compuesto por el padre Juan de Haller y Quiñones de la Sagrada Religion de Clericos [sic] Regulares Menores... |
| 260 ## - PUBLICACIÓN, DISTRIBUCIÓN, ETC. | |
| Lugar de publicación, distribución, etc. | En Roma : |
| Nombre del editor, distribuidor, etc. | en la Imprenta de Juan Francisco Chracas, |
| Fecha de publicación, distribución, etc. | 1713. |
| 300 ## - DESCRIPCIÓN FÍSICA | |
| Extensión | [16], 170 p., [2] en bl. ; |
| Dimensiones | 4º. |
| 530 ## - NOTA DISPONIBLE DE FORMULARIO FÍSICO ADICIONAL | |
| Nota de formato físico adicional disponible | Disponible en formato digital. |
| 597 ## - NOTA DE DESCRIPCIÓN FÍSICA | |
| NOTA DE DESCRIPCIÓN FÍSICA | Sign.: [ ], *², 2*4, A-V4, X6. |
| 597 ## - NOTA DE DESCRIPCIÓN FÍSICA | |
| NOTA DE DESCRIPCIÓN FÍSICA | Antep. |
| 597 ## - NOTA DE DESCRIPCIÓN FÍSICA | |
| NOTA DE DESCRIPCIÓN FÍSICA | Texto con apostillas marginales e inciales grabadas. |
| 597 ## - NOTA DE DESCRIPCIÓN FÍSICA | |
| NOTA DE DESCRIPCIÓN FÍSICA | Escudo calcográfico a toda plana de Felipe V, rey de España (p. 8) |
| 650 #7 - PUNTO DE ACCESO ADICIONAL DE MATERIA--TÉRMINO DE MATERIA | |
| Término de materia o nombre geográfico como elemento de entrada | Educación de príncipes |
| Fuente del encabezamiento o término | embne |
| 9 (RLIN) | 12100 |
| 651 #7 - PUNTO DE ACCESO ADICIONAL DE MATERIA--NOMBRE GEOGRÁFICO | |
| Nombre geográfico | España- |
| Subdivisión general | Política y gobierno- |
| Subdivisión cronológica | 1700-1746 |
| Fuente del encabezamiento o término | |
| 9 (RLIN) | 171479 |
| 852 ## - LOCALIZACIÓN | |
| Ubicación | ES-MaACL |
| Número de control de estantería | R-363 |
| Nota libre | - Enc. pasta española |
| Encuadernación | Oim: F-8506 |
| 856 ## - LOCALIZACIÓN Y ACCESO ELECTRÓNICOS | |
| Identificador Uniforme de Recursos | <a href="http://bdh-rd.bne.es/viewer.vm?id=0000115011&page=1 ">http://bdh-rd.bne.es/viewer.vm?id=0000115011&page=1 </a> |
| Nota pública | Biblioteca Digital Hispánica |
| Estatus retirado | Estado de pérdida | Estado de daño | No para préstamo | Colección | Biblioteca de origen | Biblioteca actual | Ubicación en estantería | Fecha de adquisición | Fuente de adquisición | Total de préstamos | Signatura topográfica completa | Código de barras | Visto por última vez | Precio de reemplazo | Tipo de ítem Koha |
|---|---|---|---|---|---|---|---|---|---|---|---|---|---|---|---|
| Colección digital | Biblioteca del Ateneo de Madrid | Biblioteca del Ateneo de Madrid | Depósito | 17/01/2008 | R-363 | 1162215 | 23/02/2023 | 23/02/2023 | Libro impreso antiguo |
